| 000 | 00825nam a22002057a 4500 | ||
|---|---|---|---|
| 999 |
_c1032 _d1032 |
||
| 003 | AR-CdUCM | ||
| 008 | 190226b ||||| |||| 00| 0 spa d | ||
| 020 | _a8472321835 | ||
| 040 |
_aMUNICIPALIDAD PROVINCIAL DEL CUSCO _cBIBLIOTECA MUNICIPAL DEL CUSCO |
||
| 082 |
_a869.56 / _bV39 |
||
| 100 |
_aVega Herrera, César _94017 |
||
| 245 | _a¿Qué sucedió en pasos? / | ||
| 260 |
_aMadrid : _bEdiciones Cultura Hispánica del Centro Iberoamericano de Cooperación, _c1978. |
||
| 300 |
_a57 páginas ; _c22 cm. |
||
| 500 | _aHistoria sobre dos titiriteros que se presentan en la comunidad de Pasos. Obra ganadora del VI premio Tirso de Molina entregado por el Centro Iberoamericano de Cooperación de España. | ||
| 650 |
_aTeatro peruano _92697 |
||
| 650 |
_aTeatro siglo XX _92960 |
||
| 942 |
_2ddc _cLIBROS |
||
| 945 | _azta | ||